<?xml version="1.0" encoding="UTF-8"?>
<record
    xmlns:xsi="http://www.w3.org/2001/XMLSchema-instance"
    xsi:schemaLocation="http://www.loc.gov/MARC21/slim http://www.loc.gov/standards/marcxml/schema/MARC21slim.xsd"
    xmlns="http://www.loc.gov/MARC21/slim">

  <leader>01516namaa22003251i 4500</leader>
  <controlfield tag="005">20260610111706.0</controlfield>
  <controlfield tag="008">260610s1994    ua a|||frm||| 000 0 eng d</controlfield>
  <datafield tag="040" ind1=" " ind2=" ">
    <subfield code="a">EG-GICUC</subfield>
    <subfield code="b">eng</subfield>
    <subfield code="c">EG-GICUC</subfield>
    <subfield code="d">EG-GICUC</subfield>
    <subfield code="e">rda</subfield>
  </datafield>
  <datafield tag="041" ind1="0" ind2=" ">
    <subfield code="a">eng</subfield>
    <subfield code="b">eng</subfield>
    <subfield code="b">ara</subfield>
  </datafield>
  <datafield tag="049" ind1=" " ind2=" ">
    <subfield code="a">Deposit</subfield>
  </datafield>
  <datafield tag="097" ind1=" " ind2=" ">
    <subfield code="a">Ph.D</subfield>
  </datafield>
  <datafield tag="099" ind1=" " ind2=" ">
    <subfield code="a">Cai01.12.15.1994.Mo. M.</subfield>
  </datafield>
  <datafield tag="100" ind1="0" ind2=" ">
    <subfield code="a">Mostafa Kamel Ahmed Said, </subfield>
    <subfield code="e">preparation.</subfield>
  </datafield>
  <datafield tag="245" ind1="1" ind2="0">
    <subfield code="a">Mineralogical Composition And Ceramic Properties Of Some Egyptian Raw MaterialS For The Production Of Tiles By Conventional And Fast - Firing Techniques / </subfield>
    <subfield code="c">By Mostafa Kamel Ahmed Said; Supervision Dr. Z. Abd EL Kader, Prof.Dr. D.M.Ibrahim, Prof.Dr. A. Dardeer.</subfield>
  </datafield>
  <datafield tag="246" ind1="1" ind2="5">
    <subfield code="a">&#x627;&#x644;&#x62A;&#x631;&#x643;&#x64A;&#x628; &#x627;&#x644;&#x645;&#x639;&#x62F;&#x646;&#x649; &#x648;&#x627;&#x644;&#x62E;&#x635;&#x627;&#x626;&#x635; &#x627;&#x644;&#x62E;&#x632;&#x641;&#x64A;&#x629; &#x644;&#x628;&#x639;&#x636; &#x627;&#x644;&#x645;&#x648;&#x627;&#x62F; &#x627;&#x644;&#x62E;&#x627;&#x645; &#x627;&#x644;&#x645;&#x635;&#x631;&#x64A;&#x629; &#x628;&#x63A;&#x631;&#x636; &#x623;&#x646;&#x62A;&#x627;&#x62C; &#x627;&#x644;&#x628;&#x644;&#x627;&#x637; &#x627;&#x644;&#x62E;&#x632;&#x641;&#x649; &#x628;&#x637;&#x631;&#x64A;&#x642;&#x62A;&#x649; &#x627;&#x644;&#x62D;&#x631;&#x642; &#x627;&#x644;&#x62A;&#x642;&#x644;&#x64A;&#x62F;&#x64A; &#x648;&#x627;&#x644;&#x633;&#x631;&#x64A;&#x639; /</subfield>
  </datafield>
  <datafield tag="264" ind1=" " ind2="0">
    <subfield code="c">1994.</subfield>
  </datafield>
  <datafield tag="300" ind1=" " ind2=" ">
    <subfield code="a">184 pages : </subfield>
    <subfield code="b">illustrations ; </subfield>
    <subfield code="c">30 cm. + </subfield>
  </datafield>
  <datafield tag="336" ind1=" " ind2=" ">
    <subfield code="2">rda content</subfield>
    <subfield code="a">text</subfield>
  </datafield>
  <datafield tag="337" ind1=" " ind2=" ">
    <subfield code="2">rdamedia</subfield>
    <subfield code="a">Unmediated</subfield>
  </datafield>
  <datafield tag="338" ind1=" " ind2=" ">
    <subfield code="2">rdacarrier</subfield>
    <subfield code="a">volume</subfield>
  </datafield>
  <datafield tag="502" ind1=" " ind2=" ">
    <subfield code="a">Thesis (Ph.D)-Cairo University, 1994.</subfield>
  </datafield>
  <datafield tag="504" ind1=" " ind2=" ">
    <subfield code="a">Bibliography: pages 168-184. </subfield>
  </datafield>
  <datafield tag="653" ind1=" " ind2="0">
    <subfield code="a">Geology </subfield>
  </datafield>
  <datafield tag="700" ind1="0" ind2=" ">
    <subfield code="a">Z. Abd EL Kader</subfield>
    <subfield code="e">thesis advisor.</subfield>
  </datafield>
  <datafield tag="700" ind1="0" ind2=" ">
    <subfield code="a">D.M.Ibrahim</subfield>
    <subfield code="e">thesis advisor.</subfield>
  </datafield>
  <datafield tag="700" ind1="0" ind2=" ">
    <subfield code="a">A. Dardeer </subfield>
    <subfield code="e">thesis advisor.</subfield>
  </datafield>
  <datafield tag="900" ind1=" " ind2=" ">
    <subfield code="D">Department of Geology </subfield>
    <subfield code="F">Faculty of Science </subfield>
    <subfield code="U">Cairo University</subfield>
    <subfield code="b">1994</subfield>
    <subfield code="c">Z. Abd EL Kader</subfield>
    <subfield code="c">D.M.Ibrahim</subfield>
    <subfield code="c">A. Dardeer </subfield>
  </datafield>
  <datafield tag="905" ind1=" " ind2=" ">
    <subfield code="a">Eman El gebaly </subfield>
  </datafield>
  <datafield tag="942" ind1=" " ind2=" ">
    <subfield code="2">ddc</subfield>
    <subfield code="c">TH</subfield>
    <subfield code="e">21</subfield>
    <subfield code="n">0</subfield>
  </datafield>
  <datafield tag="999" ind1=" " ind2=" ">
    <subfield code="c">180466</subfield>
  </datafield>
  <datafield tag="952" ind1=" " ind2=" ">
    <subfield code="2">ddc</subfield>
    <subfield code="9">318929</subfield>
    <subfield code="a">CUCL</subfield>
    <subfield code="b">100</subfield>
    <subfield code="d">2026-06-10</subfield>
    <subfield code="i">25832</subfield>
    <subfield code="o">Cai01.12.15.1994.Mo. M.</subfield>
    <subfield code="p">0101011002583200</subfield>
    <subfield code="r">2026-06-10 10:17:43</subfield>
    <subfield code="w">2026-06-10</subfield>
    <subfield code="y">TH</subfield>
  </datafield>
</record>
